00707nam a2200193 i 4500001000700000003000900007005001700016007000300033008004100036100003900077245010100116250001500217260003300232300003600265650003900301852003200340999001900372952012200391142939ES-MaACL20250815111924.0t|071011s1979 sp ||||1| spa d1 aVicente Pérez, Santiago.911436910aQuímica de las disoluciones b: diagramas y cálculos gráficos /cSantiago Vicente Pérez. a[1ª ed.]. aMadrid : bAlhambra, c1979. aXIII, 394 p. : bil. ; c24 cm. 7aQuímica cuántica2embne916632 aES-MaACLjA-10546 bR.99769 c142939d142939 00104070aATENEOMbATENEOMcDEPO1d2008-01-17eSCl0oA-10546p1148722r2023-02-23 00:00:00w2023-02-23yMONOGRAFIA